|
|
|
|
| LEADER |
00000cam a2200000 a 4500 |
| 001 |
vtls010323267 |
| 003 |
SK-MaSNL |
| 005 |
20260301032211.0 |
| 008 |
240314s2011 xo g 000 1 slo |
| 015 |
|
|
|a SNBA2012/06-03173
|
| 020 |
|
|
|a 9788089482412
|q (viaz.)
|
| 035 |
|
|
|a 88EE455C-515C-448A-B447-20B1A744DD30
|
| 035 |
|
|
|a urn:nbn:sk:snk-amjj0r
|
| 035 |
|
|
|a urn:nbn:sk:snk-am00112n
|
| 040 |
|
|
|a SNK
|b slo
|c SNK
|e AACR2
|
| 041 |
1 |
|
|a slo
|h eng
|
| 044 |
|
|
|a xo
|c SK
|
| 072 |
|
7 |
|a 821.111(73)-3
|x Americká próza
|2 konspekt
|
| 080 |
|
|
|a 821.111(73)-31
|2 2001
|
| 080 |
|
|
|a (0:82-312.4)
|2 2001
|
| 100 |
1 |
|
|a Scottoline, Lisa,
|d 1955-
|4 aut
|9 329093
|
| 240 |
1 |
0 |
|a Save me
|l Slovensky
|
| 245 |
1 |
0 |
|a Zachráň ma
|c Lisa Scottoline ; [z anglického originálu preložila Michaela Malinkovičová]
|
| 250 |
|
|
|a 1. vyd.
|
| 260 |
|
|
|a [Bratislava]
|b Motýľ
|c 2011
|
| 300 |
|
|
|a 324 s.
|c 21 cm
|
| 655 |
|
7 |
|a americké romány
|2 SNKPH
|9 1174
|
| 655 |
|
7 |
|a trilery (romány)
|2 SNKPH
|9 151146
|
| 655 |
|
7 |
|a American fiction
|2 SNKPHeng
|9 281076
|
| 655 |
|
7 |
|a Thrillers (novels)
|2 SNKPHeng
|9 310918
|
| 700 |
1 |
|
|a Malinkovičová, Michaela
|4 trl
|9 329094
|
| 919 |
|
|
|a 978-80-89482-41-2
|
| 958 |
|
|
|a LX
|
| 958 |
|
|
|a UP
|
| 968 |
|
|
|b ENG
|d 821
|
| 999 |
|
|
|c 577997
|d 579927
|
| 952 |
|
|
|a SNK
|b SNK
|y PREZ
|7 0
|p 17A0992890
|o snkSC 149368
|i snk2012/9152
|8 0
|0 0
|1 0
|4 0
|d 2012-05-10
|l 0
|r 2025-07-17 00:00:00
|w 2026-02-23
|
| 952 |
|
|
|a SNK
|b SNK
|y PREZ
|7 0
|p 17A1031319
|o snkSC 149368 D1
|i snk2012/14087
|8 0
|0 0
|1 0
|4 0
|d 2012-07-18
|f 1
|l 0
|r 2026-02-23 14:39:47
|w 2026-02-23
|